Portrayal of Igbo culture in Chinua Achebe's novels / (Record no. 20689)
[ view plain ]
| 000 -LEADER | |
|---|---|
| fixed length control field | 00933nam a2200253 4500 |
| 005 - DATE AND TIME OF LATEST TRANSACTION | |
| control field | 19970905091730.0 |
| 008 - FIXED-LENGTH DATA ELEMENTS--GENERAL INFORMATION | |
| fixed length control field | 700514s1968 enka 000 0 eng |
| 010 ## - LCCN (DPL NO) | |
| LC control number | ENG-92388 |
| 020 ## - INTERNATIONAL STANDARD BOOK NUMBER | |
| International Standard Book Number | 9788190716956 |
| Terms of availability | 60.00 |
| 035 ## - SYSTEM CONTROL NUMBER | |
| System control number | EN-75921 |
| 037 ## - SOURCE OF ACQUISITION | |
| Source of stock number/acquisition | DbAD / PUB |
| 040 ## - CATALOGING SOURCE | |
| Original cataloging agency | dpl |
| Language of cataloging | English |
| 082 ## - DEWEY DECIMAL CLASSIFICATION NUMBER | |
| Classification number | 883.08 |
| 100 ## - MAIN ENTRY--PERSONAL NAME | |
| Personal name | Nandakumar, P. |
| 245 ## - TITLE STATEMENT | |
| Title | Portrayal of Igbo culture in Chinua Achebe's novels / |
| Statement of responsibility, etc | by P. Nandakumar |
| 260 ## - PUBLICATION, DISTRIBUTION, ETC. (IMPRINT) | |
| Place of publication, distribution, etc | Salem |
| Name of publisher, distributor, etc | Selvi Pubications |
| Date of publication, distribution, etc | 2008 |
| 270 ## - ADDRESS | |
| Address | 300/132, Cherry Road, Near Mulluvadi Gate, |
| City | Salem |
| Postal code | 7 |
| 300 ## - PHYSICAL DESCRIPTION | |
| Extent | 118p. |
| Dimensions | 20cm (pbk) |
| 500 ## - GENERAL NOTE | |
| General note | Includes references |
| 600 ## - SUBJECT ADDED ENTRY--PERSONAL NAME | |
| Personal name | Achebe, Chinua. |
| 650 ## - SUBJECT ADDED ENTRY--TOPICAL TERM | |
| Topical term or geographic name as entry element | Igbo (African people) in literature. |
| 942 ## - ADDED ENTRY ELEMENTS (KOHA) | |
| Source of classification or shelving scheme | Dewey Decimal Classification |
| Item type | English Books |
| Call number suffix | NAN |
| Classification part | 883.08 |
| Withdrawn status | Lost status | Source of classification or shelving scheme | Damaged status | Not for loan | Collection code | Home library | Current library | Date acquired | Source of acquisition | Cost, normal purchase price | Total Checkouts | Full call number | Barcode | Date last seen | Copy number | Cost, replacement price | Koha item type |
|---|---|---|---|---|---|---|---|---|---|---|---|---|---|---|---|---|---|
| Dewey Decimal Classification | Not For Loan | Non-fiction | D.B.Act.Division | D.B.Act.Division | 07/01/2009 | DBAB / PUB | 60.00 | 883.08 NAN | EN-75921 | 07/01/2009 | 1 | 60.00 | English Books |
